Fix the South America Map Quiz Stats

 Plays Quiz Updated Jul 12, 2016

Also try: Fix the Europe Map
Challenge
Share
Tweet
Score 0/7 Timer 02:00
7 Plays Today
% Correct
ARGENTINA
94.7%
PARAGUAY
90.1%
VENEZUELA
86.8%
Bogotá
85.1%
Cayenne
76.9%
Montevideo
76.1%
Rio de Janeiro
71.2%

You're not logged in!

Compare scores with friends on all Sporcle quizzes.
OR
Log In

You Might Also Like...

Show Comments

Extras

Top Quizzes Today


Score Distribution

Your Account Isn't Verified!

In order to create a playlist on Sporcle, you need to verify the email address you used during registration. Go to your Sporcle Settings to finish the process.

Report this User

Report this user for behavior that violates our Community Guidelines.

Details: